000 00410nam a22001697a 4500
003 OSt
005 20140310181839.0
008 130708t xxu||||| |||| 00| 0 eng d
050 _aRZ 401
_b.P888 1989
082 _aREF 133
_bM999 1989
245 _aPowers of healing /
260 _aVirginia :
_bTime-Life Books,
_c1989.
300 _a143 p. ;
_c28 cm.
562 _e1
942 _2lcc
_cBK
999 _c4862
_d4862